000 00345nam a22001337a 4500
008 230608b xxu||||| |||| 00| 0 eng d
020 _a9966530080
082 _a344.7301
_bOGE
100 _cGeorge Ogembo
_d2014
245 _aEmployment Law Guide for Employers
260 _aNairobi
_bLaw Africa Publishing
300 _axii;487 p
942 _2ddc
_cBK
999 _c856
_d856